000 ncm a22 a 4500
999 _c350341
_d350341
003 BLK
005 20200401110029.0
008 180414b bul |a|er|||| |0| c|bulo|
010 _aNOT00003643000
040 _aBLK
041 _aBUL
_cBUL
072 7 _2bullib
_aЬ
080 _aАлтхорн, кавал, гайда и др.
_b788.91
_z788.91
100 _9403165
_aБогоев, Иван
139 _aБогоев, Иван
_bБ 54
245 1 0 _aНародни хора за кавал
_cИван Богоев
257 _aBGR
260 _bМузика
_c1982
_aСофия
300 _a64 с.
_c24 см
_bс ноти
380 _a7
500 _aСъдържа 20 хора.
650 4 _aКавал
_9158071
653 _aкавал
653 7 _aхора
_9200104
659 _aЬ
852 _aЦб М 1515
856 4 _qpdf
_u
856 4 _qpdf
_u
942 _cNOT
_n0
_s1
944 _aCR
_c2020-04-01
_kРенета Константинова
999 _d320246